banner-ar

دليل المكتبات ومراكز المعلومات فى لبنان / (Record no. 45122)

MARC details
000 -الفاتح
حقل البيانات ثابتة الطول 00540nam a2200169Ia 4500
008 - عناصر البيانات ثابتة الطول - معلومات عامة
حقل البيانات ثابتة الطول 140319s9999 xx 000 0 ara d
040 ## - مصدر الفهرسة
وكالة الفهرسة الأصلية GCL /
وكالة النسخ GCL
082 04 - رقم تصنيف ديوى العشرى
رقم التصنيف 020.25
رقم المادة ج د
100 1# - المدخل الرئيسى - إسم شخصى
الإسم الشخصى جمعية المكتبات اللبنانية
245 10 - بيان العنوان
العنوان دليل المكتبات ومراكز المعلومات فى لبنان /
بيان المسئوليه,etc جمعية المكتبات اللبنانية
300 ## - الوصف المادى
التعداد 253 ص
490 ## - بيان السلسلة
عنوان السلسلة
650 04 - المدخل الاضافى بالموضوع-مصطلح موضوعى
مصطلح موضوعي مراكز المعلومات
650 04 - المدخل الاضافى بالموضوع-مصطلح موضوعى
مصطلح موضوعي المكتبات - ادلة
942 ## - عناصر المدخل الإضافي( كوها)
مصدر التصنيف او مخطط الترفيف Dewey Decimal Classification
Koha [default] item type كتاب
Holdings
حالة التراجع حالة الفقد حالة تلف ليس للاعارة المكان المؤقت الموقع الحالى تاريخ الاكتساب اجمالي اﻻعارات رقم الطلب الباركود تاريخ اخر مشاهدة تاريخ تفعيل السعر نوع وعاء كوها
        مكتبة القاهرة الكبرى مكتبة القاهرة الكبرى 03/26/2014   020.25\ج د 110149 03/26/2014 03/26/2014 كتاب

Powered By

EGPV